000 00960cab a2200289 4500
001 WB3321-16
008 090401t1997 xxu||||| |||| 00| 0 eng d
035 _a(Sirsi) u78632
041 _aeng
245 _aTelling the whole story
260 _c1997
350 _a0
490 _aEuropean
_v29 May 1997, 22
490 _aFinancial Times
_v30 May 1997, 12(2)
520 _aExamines the argument that the EC has failed to address the issue of different national rules governing property, as set out in an EIU report for the RICS "Global direct investment and the importance of real estate".
650 _aECONOMIST INTELLIGENCE UNIT
650 _aEUROPEAN COMMISSION
650 _aGLOBAL ECONOMY
650 _aGLOBALISATION
650 _aINSTITUTIONAL INVESTMENT
650 _aPROPERTY INVESTMENT
650 _aSTANDARDISATION
650 _aWORLD TRADE ORGANISATION
690 _aEUROPE-SINGLE MARKET
942 _n0
948 _c29/05/1997
999 _c49451
_d49451